00593nam a2200169 a 450000100100000000500170001000800410002702000150006804000250008308200160010810000310012424501230015526000440027830000330032250400320035570000360038700000722220200929154112.0090907s2000 mx 000 0 spa d a9701704002 aDO-SdBNPbspacBNPHU axxxxbA995e1 aAznar Royo, José Ignacio10aEtimologías grecolatinas :borígenes del español /cJosé Ignacio Aznar Royo ; editor Enrique Quintanar Duarte. aMéxico :bPearson Educación,c2000. aix, 218 p. :bmap. ;c24 cm. aBibliografía : p. 217-2181 aQuintanar Duarte, Enrique,eed.